[Event "St Petersburg Korchnoi Memorial op"]
[Site "St Petersburg"]
[Date "2019.08.21"]
[Round "8"]
[White "Rakovskih, Matvey"]
[Black "Oskin, Iakov"]
[Result "0-1"]
[WhiteElo "1288"]
[BlackElo "1507"]
[PlyCount "30"]
[EventDate "2019.08.14"]
[EventType "swiss"]
[EventRounds "9"]
[EventCountry "RUS"]
[SourceTitle "CBM 192"]
[Source "ChessBase"]
[SourceDate "2019.10.31"]
[SourceVersion "1"]
[SourceVersionDate "2019.10.31"]
[SourceQuality "1"]

1. e4 c5 2. Nf3 d6 3. d4 cxd4 4. Nxd4 Nf6 5. Nc3 Nc6 6. f3 g6 7. Be3 Bg7 8. Qd2 d5 9. exd5 Nxd5 10. Nxd5 Qxd5 11. Bb5 Bd7 12. 0-0-0 Qxa2 13. Qc3 0-0 14. Qc5 Nxd4 15. Bxd7 Nb3+ 0-1

[Event "St Petersburg Korchnoi Memorial op"]
[Site "St Petersburg"]
[Date "2019.08.18"]
[Round "5"]
[White "Oskin, Iakov"]
[Black "Kombar, Mariya"]
[Result "0-1"]
[WhiteElo "1507"]
[BlackElo "1804"]
[PlyCount "108"]
[EventDate "2019.08.14"]
[EventType "swiss"]
[EventRounds "9"]
[EventCountry "RUS"]
[SourceTitle "CBM 192"]
[Source "ChessBase"]
[SourceDate "2019.10.31"]
[SourceVersion "1"]
[SourceVersionDate "2019.10.31"]
[SourceQuality "1"]

1. d4 Nf6 2. c4 g6 3. Nc3 Bg7 4. e4 d6 5. Be2 0-0 6. Bg5 h6 7. Be3 e5 8. d5 b6 9. Qd2 Kh7 10. f3 a5 11. g4 h5 12. h4 Na6 13. Nh3 Nc5 14. gxh5 Nxh5 15. Ng5+ Kg8 16. 0-0-0 Bd7 17. Rdg1 a4 18. f4 exf4 19. Bxc5 bxc5 20. Bxh5 gxh5 21. Qxf4 a3 22. b3 f5 23. Qf3 Qf6 24. Qxh5 Bh6 25. Kc2 Be8 26. Ne6+ Kh8 27. Qe2 Bg6 28. Nxf8 Rxf8 29. h5 Bh7 30. Rg6 Bxg6 31. hxg6 Qxg6 32. Qh2 Rf6 33. Rg1 Qf7 34. exf5 Qd7 35. Rf1 Kh7 36. Qh5 Qg7 37. Rf2 Qg1 38. Qe2 Qg7 39. Rg2 Qf7 40. Rf2 Kh8 41. Qg4 Bg7 42. Rh2+ Kg8 43. Rf2 Rh6 44. Qg3 Qf6 45. Qe3 Kh7 46. Qd3 Rh4 47. Re2 Kg8 48. Rg2 Rf4 49. Qe3 Qxf5+ 50. Kc1 Kf8 51. Re2 Rf1+ 52. Re1 Rxe1+ 53. Qxe1 Bh6+ 54. Kd1 Qd3+ 0-1

[Event "Chigorin Memorial 25th"]
[Site "St Petersburg"]
[Date "2017.10.25"]
[Round "5"]
[White "Popova, Polina Aleksandrovn"]
[Black "Oskin, Iakov"]
[Result "1-0"]
[WhiteElo "1560"]
[BlackElo "1410"]
[PlyCount "61"]
[EventDate "2017.10.21"]
[EventType "swiss"]
[EventRounds "9"]
[EventCountry "RUS"]
[SourceTitle "CBM 181 Extra"]
[Source "ChessBase"]
[SourceDate "2017.12.12"]
[SourceVersion "1"]
[SourceVersionDate "2017.12.12"]
[SourceQuality "1"]

1. e4 c5 2. Nf3 d6 3. d4 cxd4 4. Nxd4 Nf6 5. Nc3 g6 6. Be3 Bg7 7. f3 Nc6 8. Qd2 0-0 9. 0-0-0 a6 10. Bc4 Na5 11. Bb3 b5 12. g4 Bd7 13. h4 h5 14. gxh5 Nxh5 15. Bh6 Nxb3+ 16. axb3 Qa5 17. Bxg7 Kxg7 18. Rhg1 b4 19. Nb1 Rac8 20. Rg5 Rc5 21. Nf5+ Bxf5 22. Rxh5 gxh5 23. exf5 Rh8 24. f6+ Kf8 25. fxe7+ Kg7 26. Rg1+ Kh7 27. Qg2 Rg5 28. Qxg5 Qxg5+ 29. Rxg5 Re8 30. Rxh5+ Kg6 31. Rd5 1-0

[Event "St Petersburg Summer op"]
[Site "St Petersburg"]
[Date "2017.08.23"]
[Round "8"]
[White "Sych, Alina"]
[Black "Oskin, Iakov"]
[Result "1-0"]
[WhiteElo "1599"]
[BlackElo "1472"]
[PlyCount "59"]
[EventDate "2017.08.16"]
[EventType "swiss"]
[EventRounds "9"]
[EventCountry "RUS"]
[SourceTitle "CBM 180 Extra"]
[Source "ChessBase"]
[SourceDate "2017.10.06"]
[SourceVersion "1"]
[SourceVersionDate "2017.10.06"]
[SourceQuality "1"]

1. e4 c5 2. Nf3 d6 3. d4 cxd4 4. Nxd4 Nf6 5. Nc3 Nc6 6. f3 g6 7. Be3 Bg7 8. Qd2 0-0 9. 0-0-0 a6 10. g4 Nxd4 11. Bxd4 Be6 12. Nd5 Bxd5 13. exd5 b5 14. g5 Nh5 15. Bxg7 Kxg7 16. f4 Qc7 17. Be2 Rfc8 18. Bxh5 gxh5 19. f5 Qc4 20. f6+ Kg8 21. Kb1 Ra7 22. Rde1 Rac7 23. Rhg1 b4 24. Rg2 Re8 25. g6 fxg6 26. Qh6 e5 27. Rxg6+ hxg6 28. Qxg6+ Kf8 29. Qh6+ Kf7 30. Qg7# 1-0